Statistics for Top 10 Coldest European Countries

Click here to take the quiz!

General Stats

  • This quiz has been taken 56,995 times
  • The average score is 9 of 10

Answer Stats

° C Country % Correct
-5.10Russia
99%
1.50Norway
98%
2.10Sweden
98%
1.70Finland
97%
1.75Iceland
95%
5.10Estonia
89%
5.60Latvia
88%
6.15Belarus
76%
5.50Switzerland
67%
5.65Liechtenstein
46%

Score Distribution

Percentile by Number Answered

Percent of People with Each Score

Your Score History

You have not taken this quiz